| 000 | 00413pab a2200169 454500 | ||
|---|---|---|---|
| 008 | 180718b1987 xxu||||| |||| 00| 0 eng d | ||
| 100 | _aGandhi, Rajiv | ||
| 245 | _aEnvironment and development (Document) | ||
| 260 | _c1987 | ||
| 300 | _ap.987-990. | ||
| 362 | _aOct-Dec | ||
| 650 | _aDocument | ||
| 650 | _aEnvironment | ||
| 773 | _aIndian Journal of Public Administration | ||
| 908 | _aN | ||
| 909 | _a88845 | ||
| 999 |
_c88845 _d88845 |
||